000 00868nam a2200277 i 4500
001 bg
100 1 _aCrepaldi, Gabriele.
245 0 _aTurner i Constable /
_c[tekst Gabriele Crepaldi ; tł. z franc. Ewa Romanowska].
260 _aWarszawa :
_bRzeczpospolita ;
_bHPS,
_c2006.
300 _a143 s. :
_bil. ;
_c26 cm.
490 1 _aKlasycy Sztuki ;
_v22
600 0 _aTurner, Wiliam
_d(1775-1851)
_xtwórczość.
600 0 _aConstable, John
_c(1776-1837)
_xtwórczość.
650 0 _aMalarstwo angielskie
_xhistoria
_y18-19 w.
700 1 9 _aRomanowska, Ewa
_eTł.
830 _aKlasycy Sztuki ;
020 _a9788360529218
020 _a8360529213
040 _cBPK
041 1 _apol
_hfra
080 _a75.071(410)"17/18"(084.11)A/Z
920 _a978-83-60529-21-8
920 _a83-60529-21-3
942 _cKS
008 s pl f |000 0 pol
999 _c53740
_d53740
856 _uhttp://koha.tu.koszalin.pl/cgi-bin/koha/opac-detail.pl?biblionumber=53740
_yKatalog online BPK